Obras oratorias y literarias del presbítero don Rodolfo Vergara Antúnez
Kaydedildi:
| Asıl Yazarlar: | , |
|---|---|
| Materyal Türü: | Kitap |
| Dil: | İspanyolca |
| Baskı/Yayın Bilgisi: |
Santiago
Imprenta y Encuadernación Chile
1905
|
| Edisyon: | 1a. ed |
| Konular: | |
| Etiketler: |
Etiketle
Etiket eklenmemiş, İlk siz ekleyin!
|
MARC
| LEADER | 00000nam a2200000 a 4500 | ||
|---|---|---|---|
| 001 | UCJ5025 | ||
| 003 | CL-VaPUC | ||
| 008 | 070124e19050428CL |||||||||||||||||spa|d | ||
| 082 | 0 | 4 | |a Ch860 |b VER |2 21 |
| 100 | 0 | |a Vergara Antúnez, Rodolfo |e author |9 509699 | |
| 700 | 0 | |a Palacios, Ernesto |e author |9 509700 | |
| 245 | 1 | 0 | |a Obras oratorias y literarias del presbítero don Rodolfo Vergara Antúnez |
| 250 | |a 1a. ed | ||
| 300 | |a 2 v | ||
| 942 | |c BK | ||
| 945 | |d 20070124 00:00:00 |a rinostro | ||
| 260 | |a Santiago |b Imprenta y Encuadernación Chile |c 1905 | ||
| 500 | |a Front. v. I, fotografía del R. P. Rodolfo Vergara Antúnez en cuya nutrida obra homilética destaca la tradicional Oración del Mes de María, "Oh María, durante el bello mes que os está consagrado, todo resuena con ..." Ex libris de Don Manuel de la Barra en ambos volúmenes | ||
| 650 | 0 | |a Oratoria sagrada |9 315619 | |
| 650 | 0 | |a Discursos académicos |9 472395 | |
| 650 | 0 | |a Poesía religiosa |9 339588 | |
| 650 | 0 | |a Ciencia y religión |9 321686 | |
| 650 | 7 | |a ORACIONES FUNEBRES |2 CL-VaPUC |9 509701 | |
| 650 | 0 | |a Teología pastoral |9 257832 | |
| 650 | 7 | |a EX LIBRIS |2 CL-VaPUC |9 505186 | |
| 583 | |a last modification |c 20180328 10:57:55 |k Rodrigo Vera | ||
| 999 | |c 321138 |d 321136 | ||
| 952 | |0 0 |1 0 |4 0 |6 CH_860_000000000000000_VER_1905 |7 0 |8 X |9 399808 |a FDOBUD |b FDOBUD |d 2019-11-22 |h v.1 |i 1028979 |o Ch860 VER 1905 |p 1028979 |r 2019-11-22 |w 2019-11-22 |y BK_X |k BUD | ||
| 952 | |0 0 |1 0 |4 0 |6 CH_860_000000000000000_VER_1905 |7 0 |8 X |9 399809 |a FDOBUD |b FDOBUD |d 2019-11-22 |h v.2 |i 1054309 |o Ch860 VER 1905 |p 1054309 |r 2019-11-22 |w 2019-11-22 |y BK_X |k BUD | ||